Understanding psychology/ (Record no. 158693)

MARC details
000 -LEADER
fixed length control field 00714nam a22002177a 4500
005 - DATE AND TIME OF LATEST TRANSACTION
control field 20181112124316.0
010 ## - LCCN (DPL NO)
LC control number ENG-124480
020 ## - INTERNATIONAL STANDARD BOOK NUMBER
International Standard Book Number 9789353062866
Terms of availability 259.00
035 ## - SYSTEM CONTROL NUMBER
System control number EN-108012
037 ## - SOURCE OF ACQUISITION
Source of stock number/acquisition DBAD/PUB
082 ## - DEWEY DECIMAL CLASSIFICATION NUMBER
Classification number 150
100 ## - MAIN ENTRY--PERSONAL NAME
Personal name Morris, Charles G.
245 ## - TITLE STATEMENT
Title Understanding psychology/
Statement of responsibility, etc by Charles G. Morris [and] Albert A. Maisto
250 ## - EDITION STATEMENT
Edition statement 11th ed.
260 ## - PUBLICATION, DISTRIBUTION, ETC. (IMPRINT)
Place of publication, distribution, etc New Delhi
Name of publisher, distributor, etc Pearson
Date of publication, distribution, etc 2019
270 ## - ADDRESS
Address 14 Local Shopping Centre, Panchsheel Park
City New Delhi
Postal code 110017
300 ## - PHYSICAL DESCRIPTION
Extent xi,539p.
Dimensions 26cm. (pbk)
Other physical details ill. pic.
500 ## - GENERAL NOTE
General note It includes Glossary, References, Credits, Name Index and Subject Index
700 ## - ADDED ENTRY--PERSONAL NAME
Personal name Maisto, Albert A.
942 ## - ADDED ENTRY ELEMENTS (KOHA)
Source of classification or shelving scheme Dewey Decimal Classification
Item type English Books
Classification part 150
Call number suffix MOR
Holdings
Withdrawn status Lost status Not for loan Collection code Home library Current library Date acquired Source of acquisition Cost, normal purchase price Full call number Barcode Copy number Cost, replacement price Koha item type
    Not For Loan Non-fiction D.B.Act.Division Bawana 12/11/2018 DBAD/PUB 259.00 150 MOR EN-108012 1 259.00 English Books

© Delhi Public Library
Hit Counter
free hit counter